Państwa świata po kształcie flagi #7 - Statystyki

Ogólne statystyki
  • Ten quiz został rozwiązany 5 044 razy
  • Średni wynik to 13 z 16
Statystyki odpowiedzi
Obrazkowy Odpowiedź % Poprawnych
Portugalia
99%
Estonia
98%
Gruzja
97%
Macedonia Północna
97%
Austria
96%
Kolumbia
93%
Tajlandia
90%
Dominikana
85%
Czad
84%
Afganistan
83%
Botswana
76%
Sudan
75%
Benin
72%
Lesotho
70%
Grenada
51%
Malediwy
48%
Nie znaleziono quizów pasujących do podanych kryteriów
Rozkład punktacji
Procent ludzi z każdym wynikiem
Percentyl według liczby udzielonych odpowiedzi
Twoja historia wyników
Nie rozwiązałeś tego quizu